Statistics for Arctic Monkeys - Arabella (Lyrics)

Click here to take the quiz!

General Stats

  • This quiz has been taken 52 times
  • The average score is 172 of 235

Answer Stats

Answer% Correct
a
100%
Arabella,
100%
Arabella
100%
I
95%
in
95%
In
95%
got
93%
an
90%
and
90%
And
90%
boots
90%
Arabella's
88%
she
88%
She
88%
skin
88%
The
88%
the
88%
her
85%
end
83%
it,
83%
it
83%
My
83%
my
83%
But
80%
but
80%
little
80%
She's
80%
she's
80%
As
78%
as
78%
be
78%
it's
78%
finger
78%
interstellar
78%
It's
78%
it's
78%
on
78%
you
78%
You
78%
days
75%
just
75%
Just
75%
not
75%
of
75%
Of
75%
some
75%
that
75%
That
75%
when
75%
are
73%
behind
73%
best
73%
dip
73%
endlessly
73%
eyes
73%
reality
73%
soul,
73%
soul
73%
daydreams
70%
from
70%
head
70%
horizon
70%
kind
70%
like
70%
mind
70%
sunset
70%
takes
70%
tries
70%
Around
68%
around
68%
can
68%
gator
68%
lady
68%
less
68%
needs
68%
ride
68%
sitting
68%
swimsuit
68%
can't
65%
gets
65%
itself
65%
modern
65%
picturesque
65%
print
65%
side
65%
silver
65%
space
65%
your
65%
cheetah
63%
coat
63%
exploration
63%
lover,
63%
much
63%
sure
63%
to
63%
'70s
60%
edge
60%
galaxy's
60%
have
60%
light
60%
made
60%
outer
60%
passenger
60%
those
60%
without
60%
Barbarella
58%
Helter
58%
one
58%
shelter
58%
Skelter
58%
catching
55%
Falling
55%
into
55%
lips
55%
Cigarettes
53%
constellation
53%
hope
53%
place
53%
sounds
53%
smokes
50%
bottle
48%
colour
48%
kiss
48%
Mexican
48%
Underneath
48%
might've
45%
tapped
45%
were
45%
Coke
40%

Score Distribution

Percentile by Number Answered

Percent of People with Each Score

Your Score History

You have not taken this quiz